000 00968cab a2200193 4500
001 ##L135553
008 061107n2006 000 0 eng u
035 _a(Sirsi) u135553
041 0 _aeng
100 1 _aRawlinson, Simon
245 0 0 _aSustainability
_bthermal insulation
260 _c2006
490 0 _aBuilding
_v271(8452) 13 October 2006, 86-91(6)
520 _aLooks at thermal insulation as a sustainability solution. Covers: building fabric performance standards and insulation strategies; criteria for specifying thermal insulation; building fabric insulation products (mineral-based, mineral cellular, plastic cellular, and plant and animal-sourced cellular and fibrous products); recycling and disposal of plastics-based insulation; thermal performance of glass; and comparative capital cost and performance of thermal insulants.
590 _aIKA141106
651 4 _aUnited Kingdom
_y
690 _aBUILT ENVIRONMENT-BUILDING ELEMENTS
942 _n0
999 _c77933
_d77933